00945nam a22002417a 45000010005000000030006000050050017000110080041000280200018000690400029000870500014001160820014001301000019001442450064001632600039002273000049002664900026003155050008003415200270003495210020006195210020006396500044006595401FISKH20241203104452.0241203b cb ||||| |||| 00| 0 eng d a9781338158922 aFISKHbengcFISKHdFISKH aTA157.C67 a629.43092 aCornell, Diana aMars science lab engineer Diana Trujillo /cby Kari Cornell aNew York : bScholastic ; c2016 . a32 pages : bcolor illustrations ;c24 cm .  aSTEM trailblazer BIOS aW  a"Read about the life stories and significant contributions of some of today's most accomplished figures in STEM fields. Narrative nonfiction text explores key details from each person's life, often including the pivotal moment that led them to their STEM career."--8 a880 bLexile 8 aW bRaz-Plus  aEngineering and inventionsvNon-fiction